Tous les quartiers d'Europa-Park - Statistiques

Statistiques générales
  • Ce quiz a été pris 30 fois
  • Le résultat moyen est 15 sur 21
Statistiques - réponses
Nom des quartiers % Correct
Allemand
100%
Français
100%
Anglais
93%
Espagnol
93%
Italien
93%
Suisse
93%
Irlandais
89%
Russe
89%
Grec
86%
Portugais
86%
Hollandais
79%
Islandais
79%
Autrichien
75%
Croate
71%
Monégasque
71%
Luxembourgeois
68%
Royaume des Minimoys
43%
Scandinave
32%
Liechtensteinois
21%
Forêt enchantée Grimm
18%
Univers de l'Aventure
18%
Aucun quiz correspondant
Distribution des résultats
% des personnes avec chaque résultat
Percentile par nombre de réponses
Votre historique - résultats
Vous n’avez pas pris ce quiz